000 00700nam a22002297a 4500
005 2010081103183.0
010 _aENG-99724
020 _c60.00
035 _aEN-83256
037 _bDBAD/PUB
082 _a920
100 _aMurugan, V.
_911353
245 _aWorld leaders historical visit to India /
_cby V. Murugan
260 _aPerambalur
_bMercury Printers & Publishers
_c2008
270 _bPerambalur
_e621212
300 _a73p.
_c23cm (pbk)
500 _aincludes bibliographical references
700 _910878
700 _910963
942 _2ddc
_cEN
_h920
_mMUR
999 _c41175
_d41175